| 000 | 00749cab a2200241 4500 | ||
|---|---|---|---|
| 001 | ABS59242 | ||
| 008 | 090401t1998 xxu||||| |||| 00| 0 eng d | ||
| 035 | _a(Sirsi) u88045 | ||
| 041 | _aeng | ||
| 100 | _aBennett, D. | ||
| 245 | _aEscaping the development trap | ||
| 260 | _c1998 | ||
| 350 | _a0 | ||
| 490 |
_aRoof _vSeptember/October 1998, 15(1) |
||
| 520 | _aLooks at Sanctuary Housing Association and their policy of investing in existing communities rather than new developments as a consequence of new government priorities. | ||
| 650 | _aEXISTING COMMUNITIES | ||
| 650 | _aNEW DEVELOPMENT | ||
| 650 | _aREGENERATION | ||
| 650 | _aSANCTUARY HOUSING ASSOCIATION | ||
| 690 | _aURBAN RENEWAL | ||
| 942 | _n0 | ||
| 948 | _c19/08/1998 | ||
| 999 |
_c55597 _d55597 |
||